Error performance and optimum operating parameters for frequency division multiplexed DCPSK systems /
Saved in:
| Main Author: | |
|---|---|
| Format: | Thesis Book |
| Language: | English |
| Published: |
Singapore,
1978.
|
| Subjects: | |
| Tags: |
Add Tag
No Tags, Be the first to tag this record!
|
| LEADER | 00737cam a2200217 a 4500 | ||
|---|---|---|---|
| 001 | u143396 | ||
| 003 | SIRSI | ||
| 008 | 920225s1978 si v 00 1 eng | ||
| 035 | |a AAQ-6714 | ||
| 040 | |a UMM | ||
| 090 | |a TK5102.5 |b Lye | ||
| 100 | 1 | 0 | |a Lye, Kin Mun. |
| 245 | 1 | 0 | |a Error performance and optimum operating parameters for frequency division multiplexed DCPSK systems / |c Lye Kin Mun. |
| 260 | |a Singapore, |c 1978. | ||
| 300 | |a 80 leaves : |b ill. ; |c 29 cm. | ||
| 502 | |a Dissertation (M.Eng.) -- University of Singapore, 1978. | ||
| 504 | |a Bibliography: leaves 78-80. | ||
| 650 | 0 | |a Modulation (Electronics). | |
| 948 | |a 25/02/1992 |b 07/06/2002 | ||
| 596 | |a 1 | ||
| 999 | |a TK5102.5 LYE |w LC |c 1 |i A002760481 |l STACKS |m P01UTAMA |r Y |s Y |t TESIS |u 25/2/1992 | ||
